| 000 | 00528nam a2200157 4500 | ||
|---|---|---|---|
| 001 | 148663 | ||
| 003 | ES-MaACL | ||
| 005 | 20230906202743.0 | ||
| 007 | t| | ||
| 008 | 070214s1946 ag r ||||1| spa d | ||
| 100 | 1 |
_aStura, Carlos Alberto. _9108507 |
|
| 245 | 1 | 0 |
_aEstudio biológico del Penicillium Notatum _b: penicilina notatina y crisogenina / _cpor Carlos Alberto Stura. |
| 260 |
_aBuenos Aires : _bEd. Hispano-Americana, _c[1946] ( _fYunke) |
||
| 300 |
_a402 p. : _bil. ; _c22 cm. |
||
| 852 |
_aES-MaACL _jC-4106 _bR.23715 |
||
| 999 |
_c148663 _d148663 |
||